| 000 | 00379nam a2200157Ia 4500 | ||
|---|---|---|---|
| 008 | 221030s9999 xx 000 0 und d | ||
| 020 | _a8120304179 | ||
| 041 | _aEnglish | ||
| 082 |
_a105.23 _bMan |
||
| 100 | _aM. M. Mano | ||
| 245 | 0 |
_aDigital Logic & Computer Design _cby M. M. Mano |
|
| 260 |
_bPHI _aNew Delhi _c1999 |
||
| 300 | _a612 | ||
| 650 | _aBE Computer | ||
| 942 | _cBK | ||
| 999 |
_c2499 _d2499 |
||